<?xml version="1.0" encoding="UTF-8"?><?xml-stylesheet type="text/xsl" href="static/style.xsl"?><OAI-PMH xmlns="http://www.openarchives.org/OAI/2.0/" xmlns:xsi="http://www.w3.org/2001/XMLSchema-instance" xsi:schemaLocation="http://www.openarchives.org/OAI/2.0/ http://www.openarchives.org/OAI/2.0/OAI-PMH.xsd"><responseDate>2026-04-14T08:03:48Z</responseDate><request verb="GetRecord" identifier="oai:www.recercat.cat:20.500.12327/4777" metadataPrefix="marc">https://recercat.cat/oai/request</request><GetRecord><record><header><identifier>oai:recercat.cat:20.500.12327/4777</identifier><datestamp>2025-10-22T11:19:03Z</datestamp><setSpec>com_2072_4428</setSpec><setSpec>com_2072_4427</setSpec><setSpec>col_2072_487898</setSpec></header><metadata><record xmlns="http://www.loc.gov/MARC21/slim" xmlns:dcterms="http://purl.org/dc/terms/" xmlns:xsi="http://www.w3.org/2001/XMLSchema-instance" xmlns:doc="http://www.lyncode.com/xoai" xsi:schemaLocation="http://www.loc.gov/MARC21/slim http://www.loc.gov/standards/marcxml/schema/MARC21slim.xsd">
   <leader>00925njm 22002777a 4500</leader>
   <datafield ind2=" " ind1=" " tag="042">
      <subfield code="a">dc</subfield>
   </datafield>
   <datafield ind2=" " ind1=" " tag="720">
      <subfield code="a">Saubi, Cristina</subfield>
      <subfield code="e">author</subfield>
   </datafield>
   <datafield ind2=" " ind1=" " tag="720">
      <subfield code="a">Baltà-Foix, Ricardo</subfield>
      <subfield code="e">author</subfield>
   </datafield>
   <datafield ind2=" " ind1=" " tag="720">
      <subfield code="a">Carratalá, Jose Vicente</subfield>
      <subfield code="e">author</subfield>
   </datafield>
   <datafield ind2=" " ind1=" " tag="720">
      <subfield code="a">Fàbregas, Francesc</subfield>
      <subfield code="e">author</subfield>
   </datafield>
   <datafield ind2=" " ind1=" " tag="720">
      <subfield code="a">Sandín, Daniel</subfield>
      <subfield code="e">author</subfield>
   </datafield>
   <datafield ind2=" " ind1=" " tag="720">
      <subfield code="a">Torrent, Marc</subfield>
      <subfield code="e">author</subfield>
   </datafield>
   <datafield ind2=" " ind1=" " tag="720">
      <subfield code="a">Garcia-Fruitos, Elena</subfield>
      <subfield code="e">author</subfield>
   </datafield>
   <datafield ind2=" " ind1=" " tag="720">
      <subfield code="a">Arís, Anna</subfield>
      <subfield code="e">author</subfield>
   </datafield>
   <datafield ind2=" " ind1=" " tag="260">
      <subfield code="c">2025-09-02</subfield>
   </datafield>
   <datafield ind2=" " ind1=" " tag="520">
      <subfield code="a">β-defensins are multifunctional peptides of the host immune system involved in responses to infectious diseases. We investigated the potential of five recombinant proteins based on bovine β-defensins (bovine neutrophil β-defensins (BNBD) 1, 2, 3, and 4, and the tracheal antimicrobial peptide (TAP)) in functions relevant to sepsis such as antimicrobial activity, lipopolysaccharide (LPS) binding and neutralisation, and the stimulation of cytokine response in epithelial cells. These β-defensins were produced in Lactococcus lactis as fusion proteins. Antimicrobial activity was tested against Escherichia coli; LPS binding and neutralisation were assessed using a fluorescent probe displacement assay and by measuring tumour necrosis factor alpha (TNFα) levels in whole blood after an LPS challenge, respectively. Interleukin-8 (IL-8) levels were quantified to evaluate the epithelial immune response. All β-defensins exhibited different properties, suggesting they may have distinct mechanisms and functions in resolving infections. The recombinant BNBD4 showed potent antimicrobial activity against E. coli, whereas TAP was more notable for its ability to bind and neutralise LPS. These findings suggest that β-defensins, particularly BNBD4 and TAP, may be utilised to treat sepsis by targeting bacterial pathogens and modulating inflammatory responses.</subfield>
   </datafield>
   <datafield ind1="8" ind2=" " tag="024">
      <subfield code="a">Saubi, Cristina, Ricardo Baltà-Foix, Jose Vicente Carratalá, Francesc Fàbregas, Daniel Sandín, Marc Torrent, Elena Garcia-Fruitós, and Anna Arís. 2025. “Exploring the Therapeutic Potential of Recombinant Bovine β-Defensins for Antimicrobial and Anti-Inflammatory Functions in Sepsis Management.” Veterinary Research 56. doi:10.1186/s13567-025-01601-0.</subfield>
   </datafield>
   <datafield ind1="8" ind2=" " tag="024">
      <subfield code="a">0928-4249</subfield>
   </datafield>
   <datafield ind1="8" ind2=" " tag="024">
      <subfield code="a">http://hdl.handle.net/20.500.12327/4777</subfield>
   </datafield>
   <datafield ind1="8" ind2=" " tag="024">
      <subfield code="a">https://doi.org/10.1186/s13567-025-01601-0</subfield>
   </datafield>
   <datafield ind2="0" ind1="0" tag="245">
      <subfield code="a">Exploring the therapeutic potential of recombinant bovine β-defensins for antimicrobial and anti-inflammatory functions in sepsis management</subfield>
   </datafield>
</record></metadata></record></GetRecord></OAI-PMH>